[Event "Las Palmas Montalvo Memorial 12th"]
[Site "Las Palmas"]
[Date "2019.04.14"]
[Round "2"]
[White "Torres Maesso, Pedro"]
[Black "Mamani Beltran, Daniel"]
[Result "1-0"]
[WhiteElo "2073"]
[BlackElo "1818"]
[PlyCount "77"]
[EventDate "2019.04.13"]
[EventType "swiss"]
[EventRounds "9"]
[EventCountry "ESP"]
[SourceTitle "CBM 189 Extra"]
[Source "ChessBase"]
[SourceDate "2019.06.03"]
[SourceVersion "1"]
[SourceVersionDate "2019.06.03"]
[SourceQuality "1"]

1. d4 d5 2. c4 e6 3. g3 Be7 4. Bg2 Nf6 5. Nf3 0-0 6. 0-0 c5 7. cxd5 exd5 8. Nc3 Nc6 9. Bg5 Be6 10. Rc1 Ne4 11. Bxe7 Qxe7 12. dxc5 Rfd8 13. Na4 d4 14. Nd2 Nxd2 15. Qxd2 Bxa2 16. b4 Bd5 17. Bxd5 Rxd5 18. b5 Ne5 19. Qa5 Re8 20. Qxa7 d3 21. exd3 Nf3+ 22. Kg2 Rxd3 23. Nc3 Nh4+ 24. gxh4 Qxh4 25. Qxb7 h5 26. Kh1 Rh3 27. Qg2 Re6 28. f4 Rg6 29. Qf2 Rgg3 30. Ne4 Rxh2+ 31. Qxh2 Rh3 32. Rc2 Rxh2+ 33. Rxh2 Qe7 34. Re2 f5 35. Ng3 Qh4+ 36. Kg2 Qg4 37. c6 h4 38. Re3 hxg3 39. c7 1-0

[Event "ESP-ch zone 2"]
[Site "Merida"]
[Date "2008.08.20"]
[Round "4.2"]
[White "Carrascoso Morales, Abel"]
[Black "Torres Maesso, Pedro"]
[Result "1-0"]
[WhiteElo "2234"]
[BlackElo "2127"]
[PlyCount "101"]
[EventDate "2008.08.18"]
[EventType "swiss"]
[EventRounds "4"]
[EventCountry "ESP"]
[SourceTitle "CBM 126 Extra"]
[Source "ChessBase"]
[SourceDate "2008.11.05"]
[SourceVersion "1"]
[SourceVersionDate "2008.11.05"]
[SourceQuality "1"]

1. e4 c5 2. Nf3 d6 3. d4 cxd4 4. Nxd4 Nf6 5. Nc3 a6 6. g3 e5 7. Nb3 Be6 8. Bg2 h6 9. 0-0 Be7 10. h3 0-0 11. Be3 b5 12. a4 b4 13. Nd5 Nxd5 14. exd5 Bf5 15. Qd2 Qc8 16. g4 Bh7 17. Qxb4 Nd7 18. c4 f5 19. gxf5 Bxf5 20. Na5 Rb8 21. Qc3 Bf6 22. Nc6 Rb7 23. b4 e4 24. Bd4 Bxd4 25. Qxd4 Ne5 26. Nxe5 dxe5 27. Qc3 Rb6 28. c5 Rg6 29. Ra3 Qd8 30. Qxe5 Rg5 31. Rg3 Re8 32. Qd4 e3 33. Rxe3 Rxe3 34. Qxe3 Qd7 35. Re1 Bxh3 36. Qe8+ Qxe8 37. Rxe8+ Kf7 38. Ra8 Bxg2 39. Ra7+ Kf6 40. f4 Rg4 41. Rxa6+ Kf7 42. Ra7+ Kf6 43. d6 Bd5+ 44. Kh2 Rxf4 45. b5 Rc4 46. Rc7 Rxa4 47. d7 Ke7 48. c6 Rd4 49. Rc8 Be6 50. Re8+ Kf7 51. d8Q 1-0

[Event "ESP-ch zone 2"]
[Site "Merida"]
[Date "2008.08.19"]
[Round "3.6"]
[White "Figuero Toro, Julian Francisco"]
[Black "Torres Maesso, Pedro"]
[Result "0-1"]
[WhiteElo "2234"]
[BlackElo "2127"]
[PlyCount "112"]
[EventDate "2008.08.18"]
[EventType "swiss"]
[EventRounds "4"]
[EventCountry "ESP"]
[SourceTitle "CBM 126 Extra"]
[Source "ChessBase"]
[SourceDate "2008.11.05"]
[SourceVersion "1"]
[SourceVersionDate "2008.11.05"]
[SourceQuality "1"]

1. e4 c5 2. Nf3 d6 3. d4 cxd4 4. Nxd4 Nf6 5. Nc3 a6 6. Bg5 e6 7. f4 Qc7 8. Bd3 b5 9. Qe2 b4 10. Nb1 Bb7 11. Nd2 Be7 12. 0-0-0 Nbd7 13. Kb1 h6 14. Bh4 Nxe4 15. Bxe4 Bxh4 16. Bxb7 Qxb7 17. Nf5 Be7 18. Nc4 Kf8 19. Nfxd6 Qc7 20. Rhe1 Nc5 21. f5 exf5 22. Qf3 Rd8 23. Qxf5 Bf6 24. Ne4 Rxd1+ 25. Rxd1 Nxe4 26. Qxe4 g6 27. Nd6 a5 28. Qa8+ Qd8 29. Qf3 Qe7 30. Qa8+ Kg7 31. Qxa5 Rd8 32. Qd5 Kh7 33. Rd3 Qe1+ 34. Rd1 Qe5 35. Qxf7+ Bg7 36. Qb3 Rxd6 37. Rf1 Qd4 38. Rc1 Re6 39. c3 bxc3 40. bxc3 Qd3+ 41. Ka1 Re1 42. Kb2 Rxc1 43. Kxc1 Qxc3+ 44. Qxc3 Bxc3 45. Kc2 Be5 46. h3 Kg7 47. Kd3 Kf6 48. Ke4 Bc7 49. Kf3 Kf5 50. g3 Ba5 51. Ke3 Bc7 52. Kf3 Bb6 53. a4 Bc7 54. Kg2 Ke4 55. Kf2 Ba5 56. Ke2 Bb6 0-1

[Event "ESP-ch zone 2"]
[Site "Merida"]
[Date "2008.08.19"]
[Round "2.8"]
[White "Torres Maesso, Pedro"]
[Black "De la Cruz Sanchez, Carlos Gustavo"]
[Result "1-0"]
[WhiteElo "2127"]
[BlackElo "2266"]
[PlyCount "125"]
[EventDate "2008.08.18"]
[EventType "swiss"]
[EventRounds "4"]
[EventCountry "ESP"]
[SourceTitle "CBM 126 Extra"]
[Source "ChessBase"]
[SourceDate "2008.11.05"]
[SourceVersion "1"]
[SourceVersionDate "2008.11.05"]
[SourceQuality "1"]

1. e4 e6 2. d4 d5 3. Nd2 c5 4. Ngf3 Nc6 5. exd5 exd5 6. Bb5 cxd4 7. Nxd4 Bd7 8. N2f3 Bd6 9. 0-0 Nge7 10. Bg5 0-0 11. Bxc6 bxc6 12. Re1 c5 13. Ne2 Rb8 14. b3 d4 15. Ng3 f6 16. Bc1 Nd5 17. Ne4 Be7 18. c4 f5 19. cxd5 fxe4 20. Rxe4 Bf5 21. Re5 Bg4 22. Qe2 Bf6 23. d6 Qxd6 24. Qc4+ Kh8 25. Rd5 Qe6 26. Bf4 Rbd8 27. Rxc5 Qe4 28. Bc7 Rde8 29. Bd6 Bxf3 30. gxf3 Qg6+ 31. Kh1 d3 32. Rg1 d2 33. Rd5 Re1 34. Qg4 Qxg4 35. fxg4 Rd8 36. Rxd2 Re6 37. Bf4 Rc8 38. g5 Be7 39. Rgd1 Kg8 40. Be3 Re5 41. Rd7 a5 42. h4 Re4 43. Kg2 Kf7 44. R1d4 Re5 45. Bf4 Re6 46. Bd6 Rc2 47. Rf4+ Ke8 48. Rxe7+ Rxe7 49. Bxe7 Kxe7 50. a4 Rc3 51. Rf5 Rxb3 52. Rxa5 Rb4 53. Kg3 h6 54. Ra7+ Ke6 55. gxh6 gxh6 56. a5 Ra4 57. a6 Kf6 58. Ra8 Kg7 59. a7 h5 60. Kf3 Ra6 61. Ke4 Re6+ 62. Kd5 Re7 63. Rg8+ 1-0

[Event "ESP-chT Gp1"]
[Site "Burguillos"]
[Date "2008.08.13"]
[Round "1"]
[White "Torres Maesso, Pedro"]
[Black "Perez de Aranda, Leonardo Ivan"]
[Result "1-0"]
[WhiteElo "2127"]
[BlackElo "2233"]
[PlyCount "101"]
[EventDate "2008.08.13"]
[EventType "team"]
[EventRounds "6"]
[EventCountry "ESP"]
[SourceTitle "CBM 126 Extra"]
[Source "ChessBase"]
[SourceDate "2008.11.05"]
[SourceVersion "1"]
[SourceVersionDate "2008.11.05"]
[SourceQuality "1"]

1. e4 c5 2. Nf3 d6 3. d4 cxd4 4. Nxd4 Nf6 5. Nc3 a6 6. Be3 e5 7. Nb3 Be6 8. f3 Nbd7 9. g4 Be7 10. Qd2 b5 11. g5 Nh5 12. Nd5 Bxd5 13. exd5 Nf4 14. Bxf4 exf4 15. h4 h6 16. 0-0-0 hxg5 17. Nd4 Ne5 18. Nc6 Nxc6 19. dxc6 Rc8 20. a4 Qb6 21. axb5 axb5 22. Qd5 Kf8 23. Bxb5 gxh4 24. Bc4 Qe3+ 25. Kb1 Qe6 26. Qb5 d5 27. Bxd5 Qe5 28. Rhe1 Qb8 29. Qb7 Qxb7 30. cxb7 Rb8 31. Bc6 Rh6 32. Rd7 Re6 33. Rxe6 fxe6 34. Kc1 Bc5 35. c3 h3 36. Rd1 h2 37. Rh1 Bg1 38. c4 Ke7 39. c5 Kd8 40. b4 Kc7 41. Be4 Rd8 42. Kc2 Rd4 43. Kc3 e5 44. b5 Rd1 45. b6+ Kb8 46. c6 Rc1+ 47. Kb2 Rc5 48. c7+ Rxc7 49. bxc7+ Kxc7 50. Kc2 g5 51. Kd3 1-0

[Event "Las Palmas op"]
[Site "Las Palmas"]
[Date "2005.11.30"]
[Round "7.15"]
[White "Torres Maesso, Pedro"]
[Black "Vila Gazquez, Xavier"]
[Result "1-0"]
[WhiteElo "2134"]
[BlackElo "2335"]
[PlyCount "113"]
[EventDate "2005.11.25"]
[EventType "swiss"]
[EventRounds "9"]
[EventCountry "ESP"]
[SourceTitle "CBM 109 Extra"]
[Source "ChessBase"]
[SourceDate "2006.01.03"]
[SourceVersion "2"]
[SourceVersionDate "2006.01.03"]
[SourceQuality "1"]

1. c4 e5 2. Nc3 Nf6 3. Nf3 Nc6 4. e3 Bb4 5. Qc2 0-0 6. Nd5 Re8 7. a3 Bf8 8. Bd3 h6 9. h4 Nxd5 10. cxd5 Nb8 11. Ng5 Qf6 12. Rh3 c5 13. Bh7+ Kh8 14. Rf3 hxg5 15. Rxf6 gxf6 16. hxg5 fxg5 17. b4 cxb4 18. Qf5 Kg7 19. Qh3 Be7 20. Bf5 Rh8 21. Qg4 f6 22. axb4 Rh4 23. Qg3 Na6 24. b5 Nb4 25. d6 Bxd6 26. Ke2 Nd5 27. Qf3 Ne7 28. g3 Rh8 29. Be4 Rb8 30. Bb2 Bb4 31. Rh1 d5 32. Bxd5 Rxh1 33. Qxh1 Bg4+ 34. Bf3 Bd7 35. Bxb7 Bxb5+ 36. d3 a5 37. Be4 Rh8 38. Qa1 Rc8 39. Bxe5 Ng8 40. Bd4 Rc2+ 41. Kf3 g4+ 42. Kg2 Bc6 43. Qd1 Bxe4+ 44. dxe4 Rc7 45. Qxg4+ Kf8 46. Bb6 Rc6 47. Qd7 Ne7 48. Qd8+ Kf7 49. Bxa5 Rc8 50. Qb6 Bc5 51. Qb3+ Kg7 52. Qe6 Rc6 53. Qd7 Kf7 54. Bd8 Re6 55. Kf3 Re5 56. Bc7 Re6 57. Qb5 1-0

[Event "Las Palmas op"]
[Site "Las Palmas"]
[Date "2005.11.27"]
[Round "4.11"]
[White "Torres Maesso, Pedro"]
[Black "Ortega Hermida, Daniel"]
[Result "0-1"]
[WhiteElo "2134"]
[BlackElo "2396"]
[PlyCount "66"]
[EventDate "2005.11.25"]
[EventType "swiss"]
[EventRounds "9"]
[EventCountry "ESP"]
[SourceTitle "CBM 109 Extra"]
[Source "ChessBase"]
[SourceDate "2006.01.03"]
[SourceVersion "2"]
[SourceVersionDate "2006.01.03"]
[SourceQuality "1"]

1. c4 e5 2. Nc3 Nf6 3. Nf3 Nc6 4. e3 Be7 5. d4 exd4 6. Nxd4 0-0 7. Be2 Re8 8. 0-0 Bf8 9. b3 Ne5 10. Bb2 c6 11. Rc1 d6 12. Qd2 a6 13. Rfd1 Qc7 14. h3 Bd7 15. Nf3 Rad8 16. Qd4 Ng6 17. Ng5 Qc8 18. Na4 Qb8 19. Nb6 Bf5 20. Bd3 Bxd3 21. Qxd3 Ne5 22. Qf5 Qa7 23. c5 h6 24. f4 dxc5 25. fxe5 hxg5 26. Rxd8 Rxd8 27. Nc4 b5 28. exf6 g6 29. Qxg5 bxc4 30. Rxc4 Rd1+ 31. Kh2 Bd6+ 32. Be5 Rd5 33. Rf4 Rxe5 0-1

[Event "Dos Hermanas FM Elo"]
[Site "Dos Hermanas"]
[Date "2001.04.26"]
[Round "8"]
[White "Torres Maesso, Pedro"]
[Black "Jimenez Alonso, Julio"]
[Result "1-0"]
[WhiteElo "2113"]
[BlackElo "2042"]
[PlyCount "65"]
[EventDate "2001.04.19"]
[EventType "tourn"]
[EventRounds "9"]
[EventCountry "ESP"]
[SourceTitle "EXT 2002"]
[Source "ChessBase"]
[SourceDate "2001.11.25"]
[SourceVersion "1"]
[SourceVersionDate "2001.11.25"]
[SourceQuality "1"]

1. c4 e5 2. Nc3 Nc6 3. Nf3 Nf6 4. e3 d5 5. cxd5 Nxd5 6. Bb5 Nxc3 7. bxc3 Bd6 8. d4 exd4 9. cxd4 Bd7 10. 0-0 0-0 11. e4 Re8 12. Re1 a6 13. Bc4 Be7 14. Bb2 Na5 15. Bd3 Bb5 16. d5 c5 17. a4 Bc4 18. Rc1 Bb3 19. Qd2 Bxa4 20. Qc3 Bf8 21. Re3 b5 22. Ne5 c4 23. Ng4 b4 24. Nh6+ Kh8 25. Nxf7+ Kg8 26. Nh6+ Kh8 27. Qd4 Qd7 28. Bxc4 Nxc4 29. Rxc4 Bb5 30. Rf3 Re7 31. d6 Bxc4 32. dxe7 Qxe7 33. Qxc4 1-0

[Event "Dos Hermanas FM Elo"]
[Site "Dos Hermanas"]
[Date "2001.04.19"]
[Round "1"]
[White "Exposito Portillo, Josue"]
[Black "Torres Maesso, Pedro"]
[Result "0-1"]
[WhiteElo "2287"]
[BlackElo "2113"]
[PlyCount "76"]
[EventDate "2001.04.19"]
[EventType "tourn"]
[EventRounds "9"]
[EventCountry "ESP"]
[SourceTitle "EXT 2002"]
[Source "ChessBase"]
[SourceDate "2001.11.25"]
[SourceVersion "1"]
[SourceVersionDate "2001.11.25"]
[SourceQuality "1"]

1. e4 Nf6 2. e5 Nd5 3. c4 Nb6 4. c5 Nd5 5. Bc4 e6 6. Nc3 Nf4 7. Qg4 Qh4 8. Qg3 Nxg2+ 9. Qxg2 Qxc4 10. Nge2 Nc6 11. b3 Qxc5 12. f4 Nb4 13. d4 Qc6 14. Qxc6 dxc6 15. Kf1 b6 16. a3 Nd3 17. Be3 Ba6 18. Ne4 c5 19. dxc5 Bb7 20. c6 Bxc6 21. N2g3 Nc5 22. Bxc5 Bxc5 23. Nxc5 Bxh1 24. Na6 Bb7 25. Nxc7+ Ke7 26. Nxa8 Rxa8 27. Nh5 Bf3 28. Ng3 Rc8 29. Kf2 Bd5 30. Nh5 Rc2+ 31. Kg3 a5 32. b4 a4 33. Kh3 Bf3 34. Nxg7 Kf8 35. Rg1 Rc3 36. Rg3 Rxa3 37. Nh5 Bg4+ 38. Kxg4 Rxg3+ 0-1